Central Library OPAC University of Rajshahi

The rise of anthropological theory : (Record no. 55605)

MARC details
000 -LEADER
fixed length control field 00759nam a2200241 a 4500
001 - CONTROL NUMBER
control field 55605
003 - CONTROL NUMBER IDENTIFIER
rucl marc code BD-RjUL
005 - DATE AND TIME OF LATEST TRANSACTION
control field 20211209080304.0
008 - FIXED-LENGTH DATA ELEMENTS--GENERAL INFORMATION
fixed length control field 161120s1968 enk||||| |||| 001 0 eng d
035 ## - SYSTEM CONTROL NUMBER
System control number (BD-RjUL)55728
040 ## - CATALOGING SOURCE
Language of cataloging eng
Modifying agency BD-RjUL
Original cataloging agency BD-RjUL
Transcribing agency BD-RjUL
041 ## - LANGUAGE CODE
Language code of text/sound track or separate title eng
082 ## - DEWEY DECIMAL CLASSIFICATION NUMBER
Edition number 23
Classification number 306.09
Author mark and year HAR 1968
100 1# - MAIN ENTRY--PERSONAL NAME
Personal name Harris, Marvin.
9 (RLIN) 165650
245 14 - TITLE STATEMENT
Title The rise of anthropological theory :
Remainder of title a history of theories of culture /
Statement of responsibility, etc. Marvin Harris.
260 ## - PUBLICATION, DISTRIBUTION, ETC. (IMPRINT)
Place of publication, distribution, etc. London :
Name of publisher, distributor, etc. Routledge & Kegan Paul,
Date of publication, distribution, etc. c1968.
300 ## - PHYSICAL DESCRIPTION
Pagination 806 p. ;
Size 24 cm.
504 ## - BIBLIOGRAPHY, ETC. NOTE
Bibliography, etc Includes bibliography and index.
650 #0 - SUBJECT ADDED ENTRY--TOPICAL TERM
Topical term or geographic name as entry element Ethnology -- History.
9 (RLIN) 165651
Topical term or geographic name as entry element Anthropology, Cultural -- history.
9 (RLIN) 165652
Topical term or geographic name as entry element Culture.
9 (RLIN) 165653
942 ## - ADDED ENTRY ELEMENTS (KOHA)
Source of classification or shelving scheme Dewey Decimal Classification
Koha item type Books
Holdings
Lost status Source of classification or shelving scheme Damaged status Not for loan Collection code Permanent Location Current Location Shelving location Date acquired Source of acquisition Cost, normal purchase price Total Checkouts Full call number Date last seen Copy number Koha item type
  Dewey Decimal Classification     Non-fiction Central Library, University of Rajshahi Central Library, University of Rajshahi   19/09/1970 zeitlinger 126.00   306.09 HAR 1968 20/11/2016 C-2 Books
  Dewey Decimal Classification   Not For Loan Non-fiction Central Library, University of Rajshahi Central Library, University of Rajshahi Reading Room 19/09/1970 Zeetlinger     306.09 HAR 1968 22/05/2017 C-1 Books